000 00204 a2200097 4500
001 48703
100 _aTaylor, F.J
245 _aHigh horizons
260 _aLondon
_bMcGraw Hill
_c
090 _c31616
_d31616
942 _aNUST-CAE
_cM
_c24021
999 _c283776
_d283776